000 01311nam a2200253 4500
001 175624
003 ES-MaACL
005 20230906215856.0
008 101111s2009 sp ac |||| |dspa d
020 _a978-84-8181-437-8
080 _a73 Palacios Tárdez, Pascual (083.824)
100 1 _aPalacios Tárdez, Pascual.
_9143904
245 1 3 _aLa Defensa de Madrid
_b: conjunto escultórico de Pascual Palacios Tárdez.
260 _a[Madrid] :
_bMinisterio de Cultura, Subdirección General de Publicaciones, Información y Documentación,
_c[2009]
300 _a54 p. :
_bil. col. y n., fot. ;
_c28 cm.
504 _aBibliografía: p. 54.
505 8 _aContiene: ;
_t¿Puede el Arte hasta con la guerra...? /
_rM.ª Ángeles Valle de Juan. --
_tEl pequeño gran ejército de Palacios : un ejército artístico /
_rMatías Díaz Padrón. --
_tRecuerdo de la creación de las esculturas de la "Defensa de Madrid" /
_rPablo Palacios Campos. --
_tLa mirada de Palacios : con comentarios originales y literales del artista.
600 1 7 _aPalacios Tárdez, Pascual-
_vExposiciones.
_9143905
655 7 _2tgfbne
_9193628
_aCatálogos de exposiciones
710 2 _aCentro Documental de la Memoria Histórica.
_9143899
852 _aES-MaACL
_j2285-F-11
942 _2udc
999 _c175624
_d175624